Normal view
MARC view
Entry Personal Name
001 - CONTROL NUMBER
- control field: 809190
003 - CONTROL NUMBER IDENTIFIER
- control field: OSt
005 - DATE AND TIME OF LATEST TRANSACTION
- control field: 20250521123219.0
008 - FIXED-LENGTH DATA ELEMENTS
- fixed length control field: 250521|| aca||aabn | a|a d
040 ## - CATALOGING SOURCE
- Original cataloging agency: OSt
- Transcribing agency: OSt
100 ## - HEADING--PERSONAL NAME
- Personal name: दाधीच, बालेन्दु शर्मा
670 ## - SOURCE DATA FOUND
- Source citation: Work cat.: (OSt)1428945: दाधीच, बालेन्दु शर्मा , तकनीक तेरे कितने आयाम , 2022.
